Recent Advances and Future Trends in Nanophotonics (Record no. 25827)

MARC details
000 -LEADER
fixed length control field 01328nam a2200133Ia 4500
008 - FIXED-LENGTH DATA ELEMENTS--GENERAL INFORMATION
fixed length control field 220620s9999||||xx |||||||||||||| ||und||
020 ## - INTERNATIONAL STANDARD BOOK NUMBER
International Standard Book Number 9783040000000
245 #0 - TITLE STATEMENT
Title Recent Advances and Future Trends in Nanophotonics
546 ## - LANGUAGE NOTE
Language note English[eng]
650 ## - SUBJECT ADDED ENTRY--TOPICAL TERM
Topical term or geographic name entry element guided-mode resonance||electromagnetically induced transparency||high quality factor||double spectral||refractive index sensor||digital holography||polarization sensitive imaging||birefringence||state of polarization (SoP)||NIRS technology||spectroscopy||imaging||bioinstrumentation||near-infrared||four-wave mixing||nonlinear figure of merit||silicon-rich nitride||ridge waveguide||conversion bandwidth||integrated photonics||InP||magneto-optic||MZI||mode conversion||PMA||multi-layered thin film||magnetic memory||MOKE||Fourier transformation||analog optical computing||metamaterials||metasurfaces||quantum algorithm||edge detection||graphene||silicon||photodetectors||internal photoemission effect||stimulated Raman microscopy||pulsed source||laser pulse bandwidths||laser chirping||spectral resolution||diffractive elements||holography||photopolymer||holographic optical elements||volume gratings||compound optical elements||stacked gratings||n/a
700 ## - ADDED ENTRY--PERSONAL NAME
Personal name Ferrara, Maria||Dardano, Principia
856 ## - ELECTRONIC LOCATION AND ACCESS
Uniform Resource Identifier <a href="https://mdpi.com/books/pdfview/book/4930">https://mdpi.com/books/pdfview/book/4930</a>
942 ## - ADDED ENTRY ELEMENTS (KOHA)
Koha item type E-Books
Holdings
Withdrawn status Lost status Damaged status Not for loan Home library Current library Date acquired Total Checkouts Date last seen Price effective from Koha item type
        Kerala University of Digital Sciences, Innovation and Technology Knowledge Centre Kerala University of Digital Sciences, Innovation and Technology Knowledge Centre 20/06/2022   20/06/2022 20/06/2022 E-Books